| 000 | 00535nam a2200193Ia 4500 | ||
|---|---|---|---|
| 008 | 220531s9999 xx 000 0 und d | ||
| 041 | _aeng | ||
| 082 |
_a- _bENG / GAU |
||
| 100 |
_aGautam, Manish _979479 |
||
| 245 | _aEnglish Language and Communication skills (Vol. - 1) | ||
| 250 | _a1ST | ||
| 260 |
_aJaipur _bMark Publishers _c2012 |
||
| 300 | _a250 | ||
| 542 | _d03-03-2017 | ||
| 551 |
_aEnglish _bUgc-ENG |
||
| 650 |
_aLanguage _979480 |
||
| 906 |
_d2017-2018 _eTwo Volume Set Rs. 1900/- _f11521 |
||
| 999 |
_c43983 _d43983 |
||